000 00669 a2200193 4500
999 _c7620
_d7620
020 _a9780304325337 :
050 0 0 _aHF5415.32 EAS 1990
100 1 _aEast, Robert,
_d1940-
245 1 0 _aChanging Consumer Behaviour /
_cRobert East.
264 _aLondon:
_bCassell Educational Limited,
_c1990
300 _axix, 252 p. :
_bill. ;
500 _aincludes index
504 _aIncludes bibliographical references
650 0 _aConsumer behavior.
650 0 _aConsumer attitudes
650 0 _aConsumer
942 _2lcc
_cBK
_h5415.32
_iEAS
_kHF